| 000 | 00652nam a22002057a 4500 | ||
|---|---|---|---|
| 003 | 0 | ||
| 005 | 20250915162218.0 | ||
| 008 | 250915b xxu||||| |||| 00| 0 eng d | ||
| 020 | _a978-1-98469-523-9 | ||
| 050 |
_aQA 76.9.D343 _b.F57 2025 |
||
| 100 |
_aFisher, Lily, _eauthor. |
||
| 245 |
_aAdvanced data analytics and visualization / _cLily Fisher. |
||
| 260 |
_aNew York, NY : _b3G E-Learning LLC, _c2025. |
||
| 300 |
_axvi, 268 pages : _bcolored illustrations ; _c26 cm. |
||
| 504 | _aIncludes bibliographical references and index. | ||
| 650 | _aData mining. | ||
| 650 | _aData visualization. | ||
| 650 |
_aBig data _xAnalysis. |
||
| 942 |
_2lcc _cBK |
||
| 999 |
_c367968 _d367968 |
||